000 01460nam a2200241 i 4500
001 161124
003 ES-MaACL
005 20250822063217.0
008 970827s1877 sp |||| | spa d
100 1 _aOrtolan, Joseph Louis Elzéar,
_d1802-1873
_9130724
245 1 0 _aExplicación histórica de las instituciones del emperador Justiniano
_b: con el texto, la traducción al frente y las explicaciones debajo de cada párrafo : precedida de la historia de la legislación romana desde su origen hasta la legislación moderna, y de una generalización del derecho romano, según los textos conocidos antiguamente o más recientemente descubiertos /
_cpor M. Ortolan.
250 _a4ª ed. rev. y aum.
_btraducida por Francisco Pérez de Anaya y Melquiades Pérez Rivas.
260 _aMadrid :
_bLibrería de Leocadio López,
_c1877 (
_fImp., estereotipia y galvanoplastia de Aribau y Cª., sucesores de Rivadeneyra)
300 _a2 v. (776 ; 815 p.) ;
_c23 cm.
505 8 _aContiene : t. I. Libros I y II de la Instituta -- t. II. Libros III y IV de la Instituta
594 _aTexto de las Institutiones: paralelo en latín y español y a dos col.
630 0 7 _aCorpus juris civilis.
_pInstitutiones
_2
_9135271
650 4 _aDerecho romano-
_xInterpretación.
_9162218
700 1 _aPérez de Anaya, Francisco.
_990754
700 1 _aPérez Rivas, Melquiades.
_991113
852 _aES-MaACL
_jC-2454-55
_z- Enc. pasta
999 _c161124
_d161124